000 00483nam a2200181Ia 4500
008 240925s9999 xx 000 0 und d
020 _a72132817
082 _a005.133 JOH
100 _aJohn , Paul. Muller
245 0 _aVisual C++ .Net Developers Guide
250 _aNA
260 _aToronto:
_bMc Graw-Hill
_c,2002.
300 _axi,412p.
_bNA
_fPhotocopy
500 _aNA
600 _aComputer Science
650 _aComputer science, information & general works
942 _cBK
999 _c7316
_d7316